000 03012cam a22002295a 4500
001 L151498
008 101109s2009 xxk f 000 0 eng d
020 _a9781444301076
035 _a(Sirsi) u151498
041 0 _aeng
100 1 _aSmith, Hedley
245 0 0 _aCollaborative relationships in construction
_bdeveloping frameworks and networks
_h[electronic resource]
260 _aOxford
_bWiley-Blackwell
_c2009
505 2 _aI Collaborative Relationships in Contractual Frameworks -- 1 Specialist contractors and partnering -- 2 Change in the quantity surveying profession -- 3 Client requirements and project team knowledge in refurbishment projects -- 4 Contractual frameworks and cooperative relationships -- II Collaborative Relationships and Conceptual Frameworks -- 5 Better collaboration through cooperation -- 6 Developing trust -- III Collaborative Relationships and Networks -- 7 Disaster mitigation through collaborative knowledge-sharing practices -- 8 Early design management in architecture -- 9 Civil construction supply chain management policy to support collaborative relationships in public sector procurement -- 10 Construction and women.
520 _aThe eBook collects the latest research on both contractual and conceptual collaborative practices in construction. It identifies common problems faced by the industry and draws out practical implications. Construction projects are increasingly run in ways that undermine the traditional boundary of the firm and sometimes also the definition of the project coalition. This poses challenges for construction firms whose clients demand ever increasing performance improvements as well as those firms who want to improve their strategies for greater collaboration to give themselves competitive advantage.The editors identify three main themes: collaborative relationships, operating both in frameworks and within networks of contacts, e.g. relational contracting in partnering, supply chain management and other procurement-driven initiatives. The second theme is frameworks, both contractual frameworks binding parties together over a series of contracts, and conceptual frameworks used to develop future performance improvement arising from the proactive strategies of firms. The third theme is the network of relationships that supports individuals and firms within the project coalition in delivering services and adding value to improve performance. These networks define the investment and incentives supporting the inter-firm and intra-firm relationships, as well as the formal contractual conditions through which such incentives flow. Networks of information exchange define the structure of the activity and help predict organisational configurations for successful project outcomes.
650 2 4 _aEBOOK
651 4 _aENGLAND AND WALES
690 _aProcurement
_96260
700 1 _aPryke, Stephen
856 4 0 _uhttps://www.vlebooks.com/
_zView on VLEbooks. Logins for members only from [email protected]
942 _n0
999 _c111412
_d111412